000 02000cam a22005294i 4500
003 PE-LiUPU
005 20250731165514.0
008 150623s r 000 0 d
020 _a1841272124
035 _a(Sirsi) i9781841272122
040 _aPE-LiUPU
_bspa
_cPE-LiUPU
_erda
049 _aPRUA
082 0 4 _a221.07
_bJS
_221
100 1 _aLim, Timothy H.,
_eautor.
245 1 0 _aOn scrolls, artefacts and intellectual property.
_n38 /
_cTimothy H. Lim.
264 1 _aSheffield, England :
_bSheffield Academic Press,
_c2001.
300 _a271 páginas ;
_c24 centímetros
336 _atext
_2rdacontent
337 _aunmediated
_2rdamedia
338 _avolume
_2rdacarrier
490 0 _aJournal for the study of the pseudepographa supplement series ;
_v38
504 _aIncluye bibliografía.
505 0 _aThe case of 4QMMT. -Principles of intellectual property and copyright laws. -History of the study of the qumran scrolls. -scholarly enterprise and individual property rights. -The supreme court judgment.
526 _aSEG44
526 _aSEG26
526 _aP151
526 _aP150
526 _aP149
526 _aP146
526 _aP145
526 _aP126
526 _aP125
526 _aP92
526 _aP75
526 _aP74
526 _aP27
526 _aP15
650 0 4 _aMANUSCRITOS DEL MAR MUERTO
_xASPECTOS LEGALES.
700 1 _aCarmichael, Calum M.
700 1 _aMacQueen, Hector L.
942 _2ddc
_cBOOK
949 _aRC 221.07 JS 38
_wDEWEY
_c1
_i49129
_lCCODEBUL1
_mBUL
_r0
_sY
_tBOOK
_u2015-6-24
_xTEOLOGIA
_PP35
_0COMPRA
_o.CIRCNOTE. No olvidar cambiar la fecha de devolución!!!!!!!
_o.STAFF. Colección General
994 _aC0
_bPEPRU
596 _a1
999 _aRC 221.07 JS 38
_wDEWEY
_c28276
_i49129
_f2021-11-8
_g6
_lCCODEBUL1
_mBUL
_r1
_sY
_tBOOK
_u2015-6-24
_xTEOLOGIA
_PP35
_0COMPRA
_o.CIRCNOTE. No olvidar cambiar la fecha de devolución!!!!!!!
_o.STAFF. Colección General
_d28276
980 _81
_gALBERTO SANCHEZ Responsable de Automatización